000 00850nam a2200217Ii 4500
003 JO-AjNU
008 230605s9999||||xx |||||||||||||| ||und||
017 _a2001/10/2117
040 _aJO-AjNU
_bara
_erda
_cJO-AjNU
041 _aara
050 1 4 _aU660.J6.Q87 2003
100 3 _aتاليف القوات المسلحة الاردنية,
_eauthor
_959342
245 0 0 _aمنهاج العلوم العسكرية في الجامعات الأردنية
250 _aطبعة حديثة
264 3 1 _aعمان: القوات المسلحة دائرة التعليم الجامعي، 2003
300 _a224ص
336 _atext
_btxt
_2rdacontent
337 _aunmediated
_bn
_2rdamedia
338 _avolume
_bnc
_2rdacarrier
650 4 _aالعلوم العسكرية-الاردن-التعليم العالي-المقررات الدراسية
_959343
999 _aA26699
_c30267
_d30267